| 000 | 00690nam a2200229 u 4500 | ||
|---|---|---|---|
| 005 | 20240529063633.0 | ||
| 008 | 171013s2007 usa r 000 0 spa d | ||
| 020 | _a1404271384 | ||
| 035 | _aUPN01000220953 | ||
| 049 | _aI | ||
| 050 | 4 |
_aGV1801 _bF6.2 |
|
| 100 | 1 |
_aFord, Ron _940952 |
|
| 245 | 1 | 3 |
_aEl circo de Cindy / _cRon Ford ; tr. María Cristina Brusca. |
| 260 |
_aNew York : _bRosen Classroom Books & Materials, _c2007. |
||
| 300 |
_a16 p. : _bil. col. |
||
| 440 | 0 |
_aLecturas del barrio. _pHumor |
|
| 650 | 4 |
_aCirco _vLiteratura infantil _921760 |
|
| 650 | 4 |
_aSocialización del niño _93953 |
|
| 650 | 4 |
_aJuegos infantiles _96445 |
|
| 905 | _aInfantil | ||
| 999 |
_c193052 _d193052 |
||